MARC details
| 000 -CABECERA |
| campo de control de longitud fija |
02308nam a22002657a 4500 |
| 008 - DATOS DE LONGITUD FIJA--INFORMACIÓN GENERAL |
| campo de control de longitud fija |
251023b |||||||| |||| 00| 0 eng d |
| 020 ## - NÚMERO INTERNACIONAL ESTÁNDAR DEL LIBRO |
| Número Internacional Estándar del Libro |
9782381224312 |
| 040 ## - FUENTE DE LA CATALOGACIÓN |
| Centro/agencia transcriptor |
tbs |
| 041 ## - CÓDIGO DE LENGUA |
| Código de lengua del texto/banda sonora o título independiente |
fre |
| Código de lengua original |
eng |
| 050 ## - SIGNATURA TOPOGRÁFICA DE LA BIBLIOTECA DEL CONGRESO |
| Número de clasificación |
PS3611.A4645 |
| Número de documento/Ítem |
S73 2019 |
| 100 ## - ENTRADA PRINCIPAL--NOMBRE DE PERSONA |
| Nombre de persona |
Kamali, Marjan |
| 9 (RLIN) |
26301 |
| Término indicativo de función/relación |
author |
| 240 ## - TÍTULO UNIFORME |
| Título uniforme |
Stationery shop. |
| Lenguaje de la obra |
French |
| 245 ## - MENCIÓN DE TÍTULO |
| Título |
La librairie de Téhéran |
| Mención de responsabilidad, etc. |
/ Marjan Kamali ; translated by Florence Moreau. |
| 260 ## - PUBLICACIÓN, DISTRIBUCIÓN, ETC. |
| Lugar de publicación, distribución, etc. |
Paris : |
| Nombre del editor, distribuidor, etc. |
Hauteville, |
| Fecha de publicación, distribución, etc. |
2021. |
| 300 ## - DESCRIPCIÓN FÍSICA |
| Extensión |
356 pages ; |
| Dimensiones |
18 cm. |
| 520 ## - SUMARIO, ETC. |
| Sumario, etc. |
Téhéran, 1953. Pour leur fille, les parents de Roya veulent le meilleur : ils l'inscrivent dans le meilleur lycée de la capitale, espérant bien faire d'elle la future Marie Curie de ce monde. Une savante, une intellectuelle, une femme capable de changer le cours de l'histoire. Après ses cours, la jeune fille fréquente régulièrement la librairie de M. Fakhri, où elle trouve de quoi étancher sa soif de poésie persane et de littérature étrangère. C'est là qu'elle va faire connaissance de Bahman, jeune activiste politique, bien décidé à changer le monde. La librairie de M. Fakhri devient dès lors un lieu de rencontre et de résistance. Dans cette période politiquement mouvementée, au milieu des recueils de Hafez, Rûmî et Khayyam, naît une inoubliable histoire d'amour. |
| 520 ## - SUMARIO, ETC. |
| Sumario, etc. |
Tehran, 1953. Roya’s parents want the best for their daughter: they enroll her in the finest high school in the capital, hoping to make her the next Marie Curie—a scholar, an intellectual, a woman capable of changing the course of history.<br/><br/>After class, the young girl often visits Mr. Fakhri’s bookshop, where she quenches her thirst for Persian poetry and foreign literature. It’s there that she meets Bahman, a young political activist determined to change the world.<br/><br/>Mr. Fakhri’s bookshop soon becomes a gathering place for ideas and resistance. In this time of political upheaval, surrounded by the verses of Hafez, Rumi, and Khayyam, an unforgettable love story is born. |
| 650 #0 - PUNTO DE ACCESO ADICIONAL DE MATERIA--TÉRMINO DE MATERIA |
| Término de materia o nombre geográfico como elemento de entrada |
Families |
| Subdivisión de forma |
Fiction |
| 9 (RLIN) |
22172 |
| 650 #0 - PUNTO DE ACCESO ADICIONAL DE MATERIA--TÉRMINO DE MATERIA |
| Término de materia o nombre geográfico como elemento de entrada |
Manners and customs |
| Subdivisión de forma |
Fiction |
| 9 (RLIN) |
25571 |
| 650 #0 - PUNTO DE ACCESO ADICIONAL DE MATERIA--TÉRMINO DE MATERIA |
| Término de materia o nombre geográfico como elemento de entrada |
First loves |
| Subdivisión de forma |
Fiction |
| 9 (RLIN) |
26302 |
| 650 #0 - PUNTO DE ACCESO ADICIONAL DE MATERIA--TÉRMINO DE MATERIA |
| Término de materia o nombre geográfico como elemento de entrada |
Business enterprises |
| Subdivisión de forma |
Fiction |
| 9 (RLIN) |
26303 |
| 651 #0 - PUNTO DE ACCESO ADICIONAL DE MATERIA--NOMBRE GEOGRÁFICO |
| Nombre geográfico |
Tehran (Iran) |
| 9 (RLIN) |
26304 |
| 651 #0 - PUNTO DE ACCESO ADICIONAL DE MATERIA--NOMBRE GEOGRÁFICO |
| Nombre geográfico |
Iran |
| Subdivisión general |
History |
| -- |
Coup d'état, 1953 |
| 9 (RLIN) |
26305 |
| 942 ## - ELEMENTOS DE ENTRADA AGREGADA (KOHA) |
| Fuente del sistema de clasificación o colocación |
Clasificación de Library of Congress |